000 00417nam a22001337a 4500
005 20260313144729.0
008 260313b |||||||| |||| 00| 0 eng d
040 _cFLL
041 _2eng
_aeng
100 _aSingh, Shubham
_91132030
245 _aEvolution of International Crimes in International Law
_bA Critical Analysis of its Definition and Prosecution
260 _aDU
_bFaculty of Law
_c2024
942 _2CC
_cDIS
999 _c1715381
_d1715381